000 00687nam a2200217 a 4500
999 _c3158
_d3158
001 3158
003 BD-JhCC
005 20171111170444.0
008 171111s1980 bg |||| |||| 000 0 ben d
035 _a(BD-JhCC) 3158
040 _aBD-JhCC
_dBD-JhCC
041 _aben
082 _a891.4409
_bFAZ 1980
100 _aফজল, আবুল
245 _aসাহিত্য বিষয়ক প্রবন্ধাবলী /
_c আবুল ফজল
260 _aঢাকা :
_bআহমদ পাবলিশিং হাউজ,
_c১৯৮০.
300 _a১৬৫ পৃ. :
_c২১ সেমি.
650 _aLiterature essays
942 _2ddc
_cBK